| 000 | 01244nam a2200277 a 4500 | ||
|---|---|---|---|
| 008 | 090325s1997 ||||||||||||||||| || u | ||
| 020 | _a1853394114 | ||
| 050 | _aSD 237 Chi | ||
| 100 | _aChidumayo, Emmanuel N | ||
| 245 | 1 | 0 | _aMiombo ecology and management: an introduction. |
| 260 |
_aLondon: _bIntermediate Technology Publications _c1997 |
||
| 260 |
_aLondon: _bStockholm _c1997 |
||
| 260 |
_aLondon: _bINTERMEDIATE TECHNOLOGY _c1997 |
||
| 300 | _aXViii, 166p.: ill. | ||
| 350 | _a0.00 | ||
| 650 | _aMIOMBO--MANAGEMENT--AFRICA | ||
| 650 | _aECOLOGY--DEVELOPMENT | ||
| 650 | _aMIOMBO--ECOLOGY | ||
| 650 | _aECOLOGY--MANAGEMENT | ||
| 650 | _aECOLOGY | ||
| 650 | _aFORESTRY | ||
| 650 | _aFORESTS AND FORESTRY--RESEARCH--AFRICA | ||
| 995 |
_aMAIN LIBRARY OPEN ACCESS _D0.00 _e736358 _FCBU-MAIN LIBRARY (Kitwe) _H1 _I15.00 _jSD 237 Chi _M1 _UAVAILABLE _VMar 11, 2013 _y40908 _ZMain Library Open Access Collection |
||
| 995 |
_aSPECIAL COLLECTIONS _D0.00 _e739374 _FCBU-MAIN LIBRARY (Kitwe) _H1 _I0.00 _jZAM SD 237 CHI _M2 _UAVAILABLE _WMar 25, 2009 _y739374 _ZZambiana Collection |
||
| 995 |
_aMAIN LIBRARY OPEN ACCESS _D0.00 _e742759 _FCBU-MAIN LIBRARY (Kitwe) _H1 _I0.00 _jSD 237 Chi _M2 _UAVAILABLE _WMar 22, 2012 _y742759 _ZMain Library Open Access Collection |
||
| 999 |
_c77694 _d77694 |
||